Majetok a životný cyklus: sociálne a demografické faktory majetok domácností a jeho štruktúra
Pokračovanie príspevku z predchádzajúceho čísla. Prieskum majetku v austrálskych domácnostiach. Veľkosť majetku a spoločenské vrstvy. Teória životného cyklu a ekonomického života. Sociálne a demografické faktory. Riziká spojené so štruktúrou majetku v Austrálii.
Salvato in:
| Autore principale: | |
|---|---|
| Natura: | Capitolo di libro |
| Lingua: | slovacco |
| Soggetti: | |
| Tags: |
Nessun Tag, puoi essere il primo ad aggiungerne!!
|
MARC
| LEADER | 00000naa$a2200000$$$4500 | ||
|---|---|---|---|
| 001 | 0098578 | ||
| 005 | 20231019090706.5 | ||
| 041 | 0 | |a slo | |
| 044 | |a SK | ||
| 245 | 1 | 0 | |a Majetok a životný cyklus: sociálne a demografické faktory |b majetok domácností a jeho štruktúra |c Vladimír Baláž |
| 520 | |a Pokračovanie príspevku z predchádzajúceho čísla. Prieskum majetku v austrálskych domácnostiach. Veľkosť majetku a spoločenské vrstvy. Teória životného cyklu a ekonomického života. Sociálne a demografické faktory. Riziká spojené so štruktúrou majetku v Austrálii. | ||
| 610 | 2 | 0 | |a hypotéky |
| 610 | 2 | 0 | |a Austrália |
| 610 | 2 | 0 | |a úspory obyvateľstva |
| 610 | 2 | 0 | |a nehnuteľnosti |
| 610 | 2 | 0 | |a domácnosti |
| 610 | 2 | 0 | |a majetok obyvateľstva |
| 610 | 2 | 0 | |a trh kapitálový |
| 610 | 2 | 0 | |a aktíva |
| 100 | 1 | |a Baláž, Vladimír | |